Chander & Sudha: (Record no. 95908)

MARC details
000 -LEADER
fixed length control field 01051nam a22002657a 4500
005 - DATE AND TIME OF LATEST TRANSACTION
control field 20180309162336.0
010 ## - LCCN (DPL NO)
LC control number 1516EN07 ENG-114970
020 ## - INTERNATIONAL STANDARD BOOK NUMBER
International Standard Book Number 9780670087501
Terms of availability 499.00
020 ## - INTERNATIONAL STANDARD BOOK NUMBER
International Standard Book Number 9780143426110
Terms of availability 399.00 (AV)
035 ## - SYSTEM CONTROL NUMBER
System control number EN-98502
035 ## - SYSTEM CONTROL NUMBER
System control number B-612100-113
035 ## - SYSTEM CONTROL NUMBER
System control number B-663848
037 ## - SOURCE OF ACQUISITION
Stock number dpl
Source of stock number/acquisition UBH/Ven
037 ## - SOURCE OF ACQUISITION
Source of stock number/acquisition DBAD/PUB
082 ## - DEWEY DECIMAL CLASSIFICATION NUMBER
Classification number N
100 ## - MAIN ENTRY--PERSONAL NAME
Personal name Dharamvir Bharati
245 ## - TITLE STATEMENT
Title Chander & Sudha:
Statement of responsibility, etc by Dharamvir Bharati ; translated from the Hindi by Poonam Saxena
Remainder of title a story of middle-class life /
260 ## - PUBLICATION, DISTRIBUTION, ETC. (IMPRINT)
Name of publisher, distributor, etc Penguin Books
Date of publication, distribution, etc 2015
Place of publication, distribution, etc Gurgaon
270 ## - ADDRESS
Address 7th Floor, Infinity Tower C, DLF Cyber City
City Gurgaon
Postal code 122002
300 ## - PHYSICAL DESCRIPTION
Extent 351p.
Dimensions 21cm(Hb)
700 ## - ADDED ENTRY--PERSONAL NAME
Personal name Saxena,Poonam
942 ## - ADDED ENTRY ELEMENTS (KOHA)
Source of classification or shelving scheme Dewey Decimal Classification
Item type English Books
Call number suffix DHA
Classification part N
Holdings
Withdrawn status Lost status Not for loan Collection code Home library Current library Date acquired Source of acquisition Cost, normal purchase price Full call number Barcode Copy number Cost, replacement price Koha item type
      Fiction Ashok Vihar Ashok Vihar 09/03/2018 Bookwell/1032/25.2.2017/EN/AV/405/15.2.2017/1.3.2017 399.00 N DHA B-663848 1 399.00 English Books
      Fiction Bawana Bawana 19/02/2016 DBAD/PUB 499.00 N DHA EN-98502 1 499.00 English Books
  Lost and Paid For   Non-fiction Bawana Bawana 07/04/2016 089/01.10.2015/145/16.9.2015/28.10.2015 499.00 N DHA B-612111 1 499.00 English Books
      Non-fiction Bawana Bawana 07/04/2016 089/01.10.2015/145/16.9.2015/28.10.2015 499.00 N DHA B-612113 1 499.00 English Books
      Non-fiction Central Library Central Library 07/04/2016 089/01.10.2015/145/16.9.2015/28.10.2015 499.00 N DHA B-612100 2 499.00 English Books
      Non-fiction Central Library Central Library 07/04/2016 089/01.10.2015/145/16.9.2015/28.10.2015 499.00 N DHA B-612101 2 499.00 English Books
      Non-fiction Janak Puri Janak Puri 07/04/2016 089/01.10.2015/145/16.9.2015/28.10.2015 499.00 N DHA B-612106 1 499.00 English Books
      Non-fiction Kasturba Gandhi Marg Kasturba Gandhi Marg 07/04/2016 089/01.10.2015/145/16.9.2015/28.10.2015 499.00 N DHA B-612104 1 499.00 English Books
      Non-fiction Narela Narela 07/04/2016 089/01.10.2015/145/16.9.2015/28.10.2015 499.00 N DHA B-612112 1 499.00 English Books
      Non-fiction New Police Line New Police Line 07/04/2016 089/01.10.2015/145/16.9.2015/28.10.2015 499.00 N DHA B-612102 1 499.00 English Books
      Non-fiction Patel Nagar Patel Nagar 07/04/2016 089/01.10.2015/145/16.9.2015/28.10.2015 499.00 N DHA B-612103 1 499.00 English Books
      Non-fiction Peshwa Road Peshwa Road 07/04/2016 089/01.10.2015/145/16.9.2015/28.10.2015 499.00 N DHA B-612105 1 499.00 English Books
      Non-fiction R.K.Puram-8 R.K.Puram-8 07/04/2016 089/01.10.2015/145/16.9.2015/28.10.2015 499.00 N DHA B-612108 1 499.00 English Books
      Non-fiction Sarojini Nagar Sarojini Nagar 07/04/2016 089/01.10.2015/145/16.9.2015/28.10.2015 499.00 N DHA B-612107 1 499.00 English Books
      Non-fiction Sarojini Nagar Sarojini Nagar 07/04/2016 089/01.10.2015/145/16.9.2015/28.10.2015 499.00 N DHA B-612109 1 499.00 English Books
      Non-fiction Vinoba Puri Vinoba Puri 07/04/2016 089/01.10.2015/145/16.9.2015/28.10.2015 499.00 N DHA B-612110 1 499.00 English Books

© Delhi Public Library
Hit Counter
free hit counter